| 000 | 00448nam a2200157 a 4500 | ||
|---|---|---|---|
| 001 | 000025057 | ||
| 005 | 20200930023533.0 | ||
| 008 | 110209s1973 sp r 000 0 spa d | ||
| 040 |
_aDO-SdBNP _bspa _cBNPHU |
||
| 082 |
_axxxxx _bR934t |
||
| 100 | 1 |
_aRuiz de Torrez, Juan Manuel _945163 |
|
| 245 | 1 | 0 |
_aTiempo prestado : _bpoemas / _cJuan Manuel Ruiz de Torres. |
| 260 |
_aMadrid : _bconsulado, _c1973. |
||
| 300 |
_a45 p. ; _c14.5 cm. |
||
| 049 | _aBNGR | ||
| 999 |
_c24550 _d24550 |
||